Normal view
MARC view
- Gumtalvi, Mulana Mufti Syed abdul karim
Entry Personal Name
001 - CONTROL NUMBER
- control field: 51116
003 - CONTROL NUMBER IDENTIFIER
- control field: NUST
005 - DATE AND TIME OF LATEST TRANSACTION
- control field: 20210314134918.0
008 - FIXED-LENGTH DATA ELEMENTS
- fixed length control field: 210314|| aca||aabn | a|a d
040 ## - CATALOGING SOURCE
- Original cataloging agency: NUST
- Transcribing agency: NUST
100 ## - HEADING--PERSONAL NAME
- Personal name: Gumtalvi, Mulana Mufti Syed abdul karim
670 ## - SOURCE DATA FOUND
- Source citation: Work cat.: (NUST): Gumtalvi, Mulana Mufti Syed abdul karim , بارہ مہینوں کے فضائل واحکام, 2008.
